MCQ'S ON COMMUNITY HEALTH NURSING (Record no. 10953)

MARC details
000 -LEADER
fixed length control field 00301nam a22001337a 4500
003 - CONTROL NUMBER IDENTIFIER
control field SGT
082 ## - DEWEY DECIMAL CLASSIFICATION NUMBER
Classification number 610.734
Item number M14C
100 ## - MAIN ENTRY--PERSONAL NAME
Personal name CHATTERJEE, N.
245 ## - TITLE STATEMENT
Title MCQ'S ON COMMUNITY HEALTH NURSING
260 ## - PUBLICATION, DISTRIBUTION, ETC. (IMPRINT)
Place of publication, distribution, etc INDIA
Name of publisher, distributor, etc JAYPEE
Year of Publication 2014
300 ## - PAGE DESCRIPTION
No. of Pages 232
650 ## - SUBJECT ADDED ENTRY--TOPICAL TERM
Topical term or geographic name as entry element COMMUNITY NURSING
942 ## - ADDED ENTRY ELEMENTS (KOHA)
Source of classification or shelving scheme Dewey Decimal Classification
Koha item type Books
Holdings
Withdrawn status Lost status Source of classification or shelving scheme Damaged status Not for loan Collection code Home library Current library Shelving location Date acquired Vendor Name Cost, normal purchase price SGTU Bill Number Total Checkouts Full call number Accession No. (Barcode) Date last seen Bill Date Koha item type Date last borrowed
    Dewey Decimal Classification     NURSING SGT Medical Library SGT Medical Library Text Book 16/02/2017 ABC 275.00 SGTU 7429   610.734 M14C FN3411 16/02/2017 04/11/2016 Books  
    Dewey Decimal Classification     NURSING SGT Medical Library SGT Medical Library Text Book 16/02/2017 ABC 275.00 SGTU 7429 1 610.734 M14C FN3412 11/06/2025 04/11/2016 Books 11/06/2025
    Dewey Decimal Classification     NURSING SGT Medical Library SGT Medical Library Text Book 16/02/2017 ABC 275.00 SGTU 7429 1 610.734 M14C FN3413 09/01/2026 04/11/2016 Books 06/01/2026
    Dewey Decimal Classification     NURSING SGT Medical Library SGT Medical Library Text Book 16/02/2017 ABC 275.00 SGTU 7429   610.734 M14C FN3414 16/02/2017 04/11/2016 Books  
    Dewey Decimal Classification     NURSING SGT Medical Library SGT Medical Library Text Book 16/02/2017 ABC 275.00 SGTU 7429   610.734 M14C FN3415 16/02/2017 04/11/2016 Books